00600pam a2200217 a 45000010008000000030012000080050017000200080041000370100017000780200017000950400012001120500021001240820016001451000018001612450046001792600037002253000035002625040039002976500014003366500032003503314888NUST - PNEC20170116181042.0840910s1985 nyua b 001 0 eng  a 84021316  a0070353999 : cLIBRARY00aTJ211b.K66 198500a629.892 KOR1 aKoren, Yoram.10aRobotics for engineers /cby Yoram Koren. aNew York :bMcGraw-Hill,cc1985. axvii, 347 p. :bill. ;c24 cm. aIncludes bibliographies and index. 0aRobotics. 0aRobots, Industrial.xME, EL